| 000 | 00804nam a2200241 a 4500 | ||
|---|---|---|---|
| 001 | 57262 | ||
| 003 | BD-RJUL | ||
| 005 | 20211209080505.0 | ||
| 008 | 161207s1920 nyu 001 0 eng d | ||
| 035 | _a(BD-RjUL) | ||
| 040 |
_aBD-RjUL _beng _cBD-RjUL _dBD-RjUL |
||
| 041 | _aeng | ||
| 082 |
_223 _a211 _bSEI 1920 |
||
| 100 | 1 |
_aSeth Pringle-Pattison, A. _q(Andrew), _d1856-1931. _9170048 |
|
| 245 | 1 | 4 |
_aThe idea of God in the light of recent philosophy : _bthe Gifford lectures delivered in the University of Aberdeen in the years 1912 and 1913 / _cA. Seth Pringle-Pattison. |
| 250 | _a2nd. ed. rev. | ||
| 260 |
_aNew York : _bOxford University Press, _c1920. |
||
| 300 |
_axvi, 443 p. ; _c23 cm. |
||
| 500 | _aIncludes index | ||
| 650 | 0 |
_aGod _9170049 |
|
| 942 |
_2ddc _cBK |
||
| 999 |
_c57262 _d57262 |
||